|
|
|
|
| LEADER |
01237nam a2200313 a 4500 |
| 001 |
1094 |
| 003 |
BD-DhAAL |
| 005 |
20150521102801.0 |
| 008 |
150521s1994 nyua b 001 0 eng |
| 010 |
|
|
|a 93038675
|
| 020 |
|
|
|a 047157712X (pbk. : alk. paper) :
|c $12.95
|
| 040 |
|
|
|a DLC
|c DLC
|d DLC
|d BD-DhAAL
|
| 050 |
0 |
0 |
|a Q173
|b .M445 1994
|
| 082 |
0 |
0 |
|a 500
|2 20
|
| 100 |
1 |
|
|a McGrayne, Sharon Bertsch.
|9 11230
|
| 245 |
0 |
0 |
|a 365 surprising scientific facts, breakthroughs, and discoveries /
|c Sharon Bertsch McGrayne.
|
| 260 |
|
|
|a New York :
|b Wiley,
|c c1994.
|
| 300 |
|
|
|a x, 229 p. :
|b ill. ;
|c 23 cm.
|
| 504 |
|
|
|a Includes bibliographical references (p. 192-221) and index.
|
| 541 |
|
|
|e 1094
|
| 650 |
|
0 |
|a Science
|x Miscellanea.
|9 11231
|
| 650 |
|
0 |
|a Engineering
|x Miscellanea.
|9 11232
|
| 650 |
|
0 |
|a Technology
|x Miscellanea.
|9 11233
|
| 650 |
|
0 |
|a Discoveries in science
|x Miscellanea.
|9 11234
|
| 650 |
|
0 |
|a Inventions
|x Miscellanea.
|9 11235
|
| 740 |
0 |
|
|a Three hundred sixty five surprising scientific facts, breakthroughs, and discoveries.
|
| 942 |
|
|
|2 ddc
|c BK
|
| 999 |
|
|
|c 34467
|d 34467
|
| 952 |
|
|
|0 0
|1 0
|2 ddc
|4 0
|6 500_000000000000000_MCG
|7 0
|9 53803
|a SCL
|b SCL
|c GEN
|d 2015-05-21
|l 2
|m 13
|o 500 MCG
|p 3020001094
|r 2018-08-02
|s 2018-06-02
|t 1
|w 2015-05-21
|y BK
|